000
00228nam a22000857a 4500
008
161202b xxu||||| |||| 00| 0 eng d
100
_9
1775
_a
Aakash Institute
245
_a
Biology: Theory
260
_a
New Delhi
_b
Aakash Institute
_c
2005
999
_c
4485
_d
4485